[Event "Groningen PCA"]
[Site "Groningen"]
[Date "1993.??.??"]
[Round "2"]
[White "Kaidanov, Gregory S"]
[Black "Romanishin, Oleg M"]
[Result "1/2-1/2"]
[WhiteElo "2640"]
[BlackElo "2615"]
[Annotator "Hansen,Cu"]
[PlyCount "76"]
[EventDate "1993.12.??"]
[EventType "swiss"]
[EventRounds "11"]
[EventCountry "NED"]
[SourceTitle "CBM 039"]
[Source "ChessBase"]
[SourceDate "1994.04.01"]
[SourceVersion "1"]
[SourceVersionDate "1994.04.01"]
[SourceQuality "1"]

1. d4 Nf6 2. c4 e6 3. g3 c5 4. d5 exd5 5. cxd5 d6 6. Nc3 g6 7. Bg2 Bg7 8. Nf3
O-O 9. O-O Re8 10. Bf4 Na6 11. Nb5 (11. h3 Nc7 12. a4 Ne4 13. Nxe4 Rxe4 14. Nd2
Rb4 15. b3 Bxa1 16. Qxa1 Rxf4 17. gxf4 Qh4 $17 {Savcenko,S-Romanishin,O/
Simferopol/1988/}) (11. Nd2 Nh5 12. Be3 Nc7 13. a4 b6 14. Nc4 Ba6 15. Qb3 Qd7
16. Ne4 Bxc4 17. Qxc4 Bxb2 $17 {Kapelan,M-Davies,N/Vrsac/1989/}) (11. Re1 Ne4 (
11... Nc7 12. e4 Nh5 (12... Bg4 13. h3 Bxf3 14. Bxf3 Qd7 15. a4 h6 16. Bg2 Nh5
17. Be3 b5 18. axb5 Nxb5 19. Qa4 a6 20. Nxb5 Qxb5 {0,5/Barbero,G-Frias,V/
Wijk-B/1991/}) 13. Bg5 f6 14. Bd2 b5 15. h3 Bf8 16. a3 a5 17. b4 $16 {Lahav,
E-Gruenfeld,Y/Tel Aviv/1988/}) (11... Nh5 12. Bg5 Qd7 13. e4 (13. Qd2 b5 14.
Bh6 Bh8 15. Ng5 b4 16. Nd1 Nc7 17. a3 bxa3 18. Rxa3 Nb5 19. Re3 Bb7 20. Rxe8+
Rxe8 $13 {Sosonko,G-Ligterink,G/Wijk/1984/}) 13... b5 14. Bf1 Nc7 15. e5 dxe5
16. d6 b4 17. Na4 Ne6 18. Bc4 Nd4 19. Nxc5 Qxd6 20. Nxd4 Qxc5 21. Rc1 Qf8 22.
Bd5 Rb8 23. Rc7 Qd6 24. Nb5 {Scheeren-Ligterink,G/ch-NL/1984/}) (11... Bg4 12.
h3 Bxf3 13. Bxf3 Qd7 14. e4 Rad8 15. Kg2 c4 $13 {Adorjan,A-Romanishin,O/
Debrecen/1990/}) 12. Nxe4 Rxe4 13. Nd2 Rxf4 (13... Rd4 14. a3 Rxf4 15. gxf4
Bxb2 16. Ra2 Bg7 17. e4 b5 18. e5 Bf5 19. Nf3 Nc7 20. exd6 Ne8 21. d7 Nd6 22.
Ne5 {0,5/Gleizerov,E-Moskalenko,V/Alushta/1993/}) 14. gxf4 Bxb2 {0,5/Lalic,
B-Davies,N/Vrsac/1989/}) 11... Bf8 (11... Ne4 12. Nd2 Nxd2 13. Qxd2 $14) 12.
Re1 Nc7 13. Nxc7 Qxc7 14. Rc1 {/\b2-b4} (14. b4 $5 cxb4 15. a3 bxa3 16. Rxa3
$44) 14... a5 15. b3 Bd7 $10 16. Nd2 $6 Nh5 17. Ne4 (17. Be3 Rxe3 $5 (17... b5
18. Bd4 Qb6 19. Ba1 a4 $13) 18. fxe3 Bh6 $44) 17... Bf5 (17... Nxf4 $4 18. Nf6+
) 18. Rxc5 (18. Nc3 Nxf4 19. gxf4 Bg7 $15) 18... Qd8 19. Rc4 Nxf4 20. gxf4 b5
21. Rd4 Bg7 22. Ng3 Bc2 23. Qxc2 $6 (23. Qd2 $5 Bxd4 24. Qxd4 $44) 23... Bxd4
24. Qd3 Qb6 25. e3 Rac8 26. Bf1 b4 27. Qa6 Qxa6 28. Bxa6 Rc2 29. Re2 Rc1+ $6 (
29... Rxe2 30. Nxe2 Bb2 $15) 30. Kg2 Bc3 31. Bb5 Re7 (31... Rc8 32. Ne4) 32.
Kf3 {/\Ne4} f5 33. e4 fxe4+ (33... Ra1 $5 {/\Kf7} 34. e5 $6 dxe5 35. d6 e4+ 36.
Kg2 Rb7 37. Bc4+ Kf8 $17) 34. Nxe4 $13 {קd6} Bd4 35. Rd2 Bc5 36. Bc4 {/\Nxc5}
Rc7 37. Re2 {/\38.Nxc5 Rxc5 39.Re6} h6 38. Nxc5 Rxc5 (38... Rxc5 39. Re6 Kf7
40. Rxd6 R5xc4 41. bxc4 Rxc4 $10) 1/2-1/2

[Event "Rubinstein Memorial"]
[Site "Polanica Zdroj"]
[Date "1993.??.??"]
[Round "9"]
[White "Hansen, Lars Bo"]
[Black "Sax, Gyula"]
[Result "1-0"]
[WhiteElo "2560"]
[BlackElo "2515"]
[Annotator "Hansen,LB"]
[PlyCount "129"]
[EventDate "1993.08.??"]
[EventType "tourn"]
[EventRounds "11"]
[EventCountry "POL"]
[EventCategory "13"]
[SourceTitle "CBM 037"]
[Source "ChessBase"]
[SourceDate "1993.12.01"]
[SourceVersion "1"]
[SourceVersionDate "1993.12.01"]
[SourceQuality "1"]

1. d4 Nf6 2. c4 e6 3. g3 c5 4. d5 exd5 5. cxd5 d6 6. Nc3 g6 7. Bg2 Bg7 8. Nf3
O-O 9. O-O Na6 10. Nd2 Nc7 11. Nc4 Nfe8 (11... b5 $6 12. Nxd6 $1 Qxd6 13. Bf4
Qd7 $5 $146 14. d6 Ne6 15. Bxa8 Nxf4 16. gxf4 Qg4+ 17. Bg2 Qxf4 18. Qc1 $13 {
1/2;Gleizerov-Lazarev/Alushta/1993/}) (11... Nh5 $5 {Gdanski}) 12. a4 b6 13.
Qd2 $1 Rb8 14. Rb1 Bd7 $5 $146 (14... Ba6 15. b3 b5 $6 16. Na5 $16 {Sosonko,
G-Lautier,J/Cannes/1991/}) 15. b3 a6 $5 (15... b5 16. axb5 Nxb5 17. Nxb5 Rxb5
18. Qc2 $14) 16. Ne4 $1 Bf5 17. Ne3 (17. Bb2 $5 {Sax}) 17... Bxe4 18. Bxe4 b5
19. Bb2 Nf6 20. Bg2 Qd7 21. b4 $1 $14 bxa4 $1 (21... cxb4 $6 22. a5 $1 $16 {
X Nc7}) 22. bxc5 dxc5 23. Ba3 Rb3 $1 24. Bxc5 Rfb8 25. Rbc1 Ne6 $1 (25... a3 $6
26. Qa2 $1 Rb2 (26... Ncxd5 $2 27. Nxd5 Nxd5 28. Rcd1 $1 Nc3 29. Rxd7 Nxa2 30.
Bd5 $18) 27. Qxa3 R8b3 (27... Rxe2 28. d6 Ne6 29. Qxa6 $16) 28. Qa5 Rb5 29. Qe1
$16 (29. Qa4 $4 Rxc5 $19) 29... Ncxd5 $2 30. Nxd5 Nxd5 31. Bxd5 $1 Qxd5 32. Ba3
$18) 26. Bh3 $1 Qd8 $2 $138 (26... Ne4 $1 27. Qa2 $1 (27. Qa5 $6 Qd8 $1 28.
Qxd8+ Nxd8 $132) 27... N4xc5 28. Rxc5 Qa7 $1 29. Rc4 (29. dxe6 Qxc5 30. exf7+
Kh8 $15) 29... Nd4 (29... Nc5 30. d6 $14) 30. Rfc1 h5 (30... Rb2 31. Rc8+ Bf8
32. Qa3 $16) 31. Bf1 $1 $14) 27. Bxe6 fxe6 28. Qa2 Nxd5 29. Nxd5 Qxd5 30. Qxa4
Rc3 31. Rb1 $1 Rc8 (31... Rxb1 $4 32. Qe8+ $18) 32. Be3 $16 {X a6;e6;<->7} Qc6
33. Qa5 Qc4 34. Rb7 $1 Bf6 (34... Qxe2 $2 35. Rxg7+ $1 Kxg7 36. Bd4+ $18) 35.
Qb6 a5 36. Qa7 h5 (36... Rc7 37. Rfb1 $18) 37. Rfb1 $2 (37. Bh6 $1 Rc7 38. Rfb1
$1 Bd4 (38... Qe4 39. Qa8+ Rc8 40. Rg7+ $1 $18) (38... Rxb7 39. Rxb7 $18) (
38... Bd8 39. Bf4 $18) 39. Qb8+ Rc8 40. Qf4 $18) 37... Qe4 $1 38. Rb8 (38. Bh6
$2 g5 $1) 38... Qd5 39. R8b5 $2 $138 (39. Qa6 $16) 39... Qc4 $2 (39... Bd4 $3
40. Qe7 (40. Rxd5 Bxa7 41. Rxa5 Bxe3 42. fxe3 Rc1+ $10) (40. Qxd4 $2 Rc1+ $1
41. Rxc1 Rxc1+ 42. Bxc1 Qxd4 $19) (40. Bxd4 $4 Rc1+ 41. Rxc1 Rxc1#) (40. Qxa5
$2 Qe4 41. Bd2 Qxe2 $1) 40... Qe4 41. Rb7 R3c7 $1 (41... R8c7 $2 42. Qd8+ $18)
42. Rxc7 Qxb1+ 43. Kg2 Rxc7 (43... Qe4+ $2 44. f3 $18) 44. Qd8+ Kh7 $1 45.
Qxc7+ (45. Bxd4 $2 Qb7+ 46. f3 Qc8 $17) 45... Bg7 46. Qxa5 Qe4+ $10) 40. Rb8
Qd5 41. h4 $2 (41. Qa6 $16 Rxb8 $2 42. Rxb8+ Kh7 (42... Kf7 43. Rb7+ Be7 44.
Qa7 Qd1+ 45. Kg2 Qd6 46. h4 $22 $18) 43. Rb7+ Bg7 (43... Kg8 44. Qa8+ Bd8 45.
Rb8 $18) 44. Qa7 Qd1+ (44... Qe5 45. Rxg7+ $1 $18) 45. Kg2 Qd5+ 46. f3 Qe5 47.
Rxg7+ $1 $18) 41... Qd8 $2 (41... Be5 $1 42. Rxc8+ (42. Bh6 $6 Rxg3+ $2 (42...
Bd4 $1) 43. fxg3 Bd4+ 44. Kh2 $1 Bxa7 45. Rxc8+ Kh7 46. Bg5 Qe4 47. Rb2 $1 $18
{Sax}) 42... Rxc8 43. Qe7 Qd6 $1 (43... Bd6 $6 44. Qd7 $16) 44. Qa7 Qd5 $10)
42. Rxc8 Rxc8 43. Qa6 $1 $16 Kf7 44. Bb6 Qd7 45. Bxa5 Be7 46. Be1 {X e6;<->7}
Rc7 47. Qa2 (47. Qa8) 47... Qd4 48. Qa8 $1 Qg4 $6 49. Qh8 $1 $18 Qxe2 (49...
Bf6 50. Qh7+ Bg7 51. Bc3 $1 $18) (49... Qe4 50. Qh7+ Kf6 51. Rb3 $1 Rc1 (51...
Qxe2 52. Re3 Qd1 53. Kg2 $1 $18) 52. Rf3+ Ke5 (52... Qxf3 53. exf3 Rxe1+ 54.
Kg2 $18 {/\g4-g5}) 53. Qxe7 Rxe1+ 54. Kh2 Rxe2 55. Qc5+ Qd5 56. Qc7+ Qd6 57.
Qg7+ Ke4 58. Kg2 $1 $18) 50. Qh7+ Kf6 51. Bc3+ $1 Rxc3 (51... Kf5 52. Qf7+ Kg4
53. Kg2 $1 g5 54. Re1 $18) 52. Qh8+ Kf5 53. Qxc3 Qe4 54. Re1 Bb4 55. Rxe4 Bxc3
56. Rf4+ Ke5 57. Kg2 Bd2 58. Rf7 Bc3 59. Kf3 Bb2 60. Ke3 Bd4+ 61. Kd3 Bb2 62.
Rf8 Ba3 63. f4+ Kd5 64. Rf6 e5 65. Rxg6 1-0

[Event "Czerniak Memorial 13th"]
[Site "Tel Aviv"]
[Date "1997.??.??"]
[Round "4"]
[White "Summerscale, Aaron"]
[Black "Rotstein, Arkadij"]
[Result "1-0"]
[WhiteElo "2500"]
[BlackElo "2455"]
[Annotator "Hecht,H"]
[PlyCount "111"]
[EventDate "1997.04.04"]
[EventType "tourn"]
[EventRounds "11"]
[EventCountry "ISR"]
[EventCategory "10"]
[SourceTitle "CBM 059"]
[Source "ChessBase"]
[SourceDate "1997.08.01"]
[SourceVersion "1"]
[SourceVersionDate "1997.08.01"]
[SourceQuality "1"]

1. d4 Nf6 2. c4 e6 3. Nf3 c5 4. d5 exd5 5. cxd5 d6 6. Nc3 g6 7. g3 Bg7 8. Bg2
O-O 9. O-O Na6 10. Nd2 Nc7 11. Nc4 Nfe8 12. Re1 b5 13. Na5 b4 14. Ne4 Nb5 15.
Nc6 Qd7 16. Nd2 Nec7 17. Nc4 Ba6 18. N6a5 Na3 19. Qb3 Nxc4 20. Nxc4 Rfe8 21.
Rb1 Bxc4 22. Qxc4 Qb5 23. Qc2 a5 24. Bf4 Be5 25. Bxe5 Rxe5 26. e4 Rae8 27. f4
R5e7 28. Bf1 Qd7 29. Qc4 Kg7 30. Rbd1 f6 31. Re3 Na8 32. b3 Nb6 33. Qc2 a4 34.
Kf2 axb3 35. axb3 Qa7 36. Rde1 f5 37. Bb5 Rb8 38. Qb2+ Kf7 39. exf5 Rxe3 40.
Rxe3 c4 41. bxc4 gxf5 42. Qxb4 Nd7 43. Qxd6 Nf6 44. Qe6+ Kg6 45. Kg2 Rb6 46.
Qe7 Qxe7 47. Rxe7 {[#] Versteckte Pattverteidigung sollte nicht stechen.
Weißes Materialübergewicht entscheidet.} Nxd5 48. Be8+ Kh6 49. Re2 (49. cxd5
Rb2+ 50. Kf1 Rf2+ 51. Ke1 Rf1+ 52. Kd2 Rd1+ 53. Kc3 Rc1+ (53... Rd3+ 54. Kb4
Rd4+ 55. Ka5 $18 {[%cal Ge8a4,Ge8b5]}) 54. Kb4 Rc4+ 55. Ka5 Rc5+ 56. Kb6 $18)
49... Nc3 50. Rc2 Nd1 51. Kf3 Rb3+ 52. Ke2 Ne3 53. Rc1 Ng4 54. Bd7 Nxh2 55. c5
Nf3 56. Rc4 1-0

[Event "Moscow FIDE GP"]
[Site "Moscow"]
[Date "2017.05.15"]
[Round "4"]
[White "Inarkiev, Ernesto"]
[Black "Harikrishna, Pentala"]
[Result "1/2-1/2"]
[WhiteElo "2727"]
[BlackElo "2750"]
[Annotator "Hillarp Persson,T"]
[PlyCount "94"]
[EventDate "2017.05.12"]
[EventType "swiss"]
[EventRounds "9"]
[EventCountry "RUS"]
[SourceTitle "CBM 179"]
[Source "ChessBase"]
[SourceDate "2017.07.12"]
[SourceVersion "1"]
[SourceVersionDate "2017.07.12"]
[SourceQuality "1"]

1. d4 Nf6 2. c4 e6 {This used to be the favoured move order of Modern Benoni
aficionados like De Firmian, Suba and Vugar Gashimov. The point is to wait for
White to play either Nf3 or g3, before going for a Benoni structure. In this
way Black avoids the Taimanov attack.} (2... c5 3. d5 e6 4. Nc3 exd5 5. cxd5 d6
6. e4 g6 7. f4 Bg7 8. Bb5+ {is the starting position of the Taimanov attack.
This is probably better for White in some way, but in recent years lots of
White players have avoided the critical} Nfd7 9. a4 ({in favour of} 9. Nf3 a6
10. Bd3 b5 11. O-O {White has a dangerous attack here after} O-O 12. Kh1 {
, but in another sense it is playing into Black's ball park.})) 3. g3 c5 {
I respect anyone who plays this quirky opening. What do the cards say?
Asymmetrical pawn structure, ehhh.} 4. d5 exd5 5. cxd5 g6 {The Modern Benoni
has a rather dodgy reputation. I sometimes find myself involved in discussion
on the topic: "Which is the more dubious opening; the King's Indian or the
Modern Benoni?" The answer fluctuates, but lately it seems the MB has been
more under a cloud than the KID. However, I believe there are few GMs who
would claim that the fianchetto is the most critical setup against the MB. The
reason why so many strong players play it has more to do with the fact that it
suits their repertoire (early g3), or that it is less sensitive to theoretical
novelties (I'm guessing now). So, from a MB perspective, Black is already
quite happy to have avoided the most challenging lines, while still being able
to play the Benoni structure.} 6. Bg2 d6 ({Black can try to do without d6 for
a while longer:} 6... Bg7 7. Nc3 O-O 8. Nf3 (8. d6 Nc6 {is what Black is
hoping to provoke.}) 8... Re8 (8... b5 {doesn't look too promising:} 9. Nxb5
Qa5+ 10. Nc3 Ne4 11. O-O Nxc3 12. bxc3 Qxc3 13. Rb1 d6 14. Bb2 $16 {although
Black went on to win, in Genutis,M (2316)-Jobava,B (2707) Warsaw 2010.}) 9. O-O
{and Black cannot avoid d7-d6 for much longer. After} b6 $5 (9... Na6 10. d6 $1
$16) 10. Re1 {It is not clear how Black will benefit from b6.}) 7. Nf3 Bg7 8.
Nc3 O-O 9. O-O Re8 (9... Na6 $5 {will lead to the same positions as after 10...
Na6, if White continues with} 10. Bf4 {. However, White can also try other
move orders.} (10. Nd2 $5 Nc7 11. Nc4 b5 12. Nxd6 Qxd6 13. Bf4 Qb6 14. d6 Ne6
15. Bxa8 Nxf4 16. gxf4 Bh3 {is one way to have fun.})) (9... a6 10. a4 Nbd7 11.
Bf4 Qe7 12. Rb1 $5) (9... Nbd7 10. Bf4 Qe7 11. a4 $1 b6 $5 (11... a6 12. Rb1 {
is extensively analysed by Avrukh in the book mentioned below. The threat of
b2-b4 is annoying:} Re8 13. b4 cxb4 14. Rxb4 Nc5 15. Nd4 {and although the
engine will tell you that Black is only slightly worse, this is really not
good. If we are to give up the d4-square thus in the MB, we must at least have
White play e2-e4 first, so that we have something to attack. Here White is
solid and Black's pawn structure is... awkward.}) 12. h3 {This is what Black
is waiting for!} (12. Rb1 {is less promising here as Black might change his
tack with} Ba6 13. Re1 Rae8 $13) 12... Nh5 13. Bg5 f6 14. Bd2 f5 15. Ng5 $6 f4
$1 {This idea would not be half as promising had White not played h3.} 16. Ne6
fxg3 17. f4 $6 (17. Nxf8 Nxf8 {would give Black fantastic compensation.}) 17...
Ndf6 18. Nxf8 Bxf8 {Korchmar,V (2437)-Ponomariov,R (2715) Gjakova 2016; and
Black's compensation was more than enough for the exchange.}) 10. Bf4 {This
move is recommended in Avrukh's "1.d4 The Catalan" and that is more than
enough to qualify it as the current main line. White is making it harder for
Black to develop naturally with Nbd7, so Black has to come up with something
else:} Bf5 $5 {A novel development. Black has tried numerous alternatives.} (
10... Na6 11. Re1 Bg4 12. h3 (12. Nd2 Nh5 13. Be3 Rxe3 14. fxe3 Qe7 $44) 12...
Bxf3 13. Bxf3 Nd7 14. e4 (14. Ne4 $1 {is recommended by Avrukh.}) 14... Ne5 15.
Be2 c4 16. Bxe5 Bxe5 17. Bxc4 Nc5 $36 {Schandorff,L (2519)-Hillarp Persson,T 
(2546) Denmark 2016.}) ({The main line used to be} 10... Ne4 {or with a4/a6
thrown in, which comes to pretty much the same:} 11. Nxe4 Rxe4 12. Nd2 Rxf4 13.
gxf4 Bxb2 14. Rb1 Bg7 15. e4 {I used to think that this was quite unclear, but
Avrukh convincingly shows that e4-e5 is such a strong threat that Black is
hard pressed to equalize.}) 11. Nh4 ({White has had an abysmal score with} 11.
Nd2 {, although} Nh5 12. e4 (12. Be3 $6 Nd7 13. Nc4 Nb6 $1 $36 {Menezes,C 
(2291)-Kilgus,G (2421) Vienna 2015}) 12... Nxf4 13. gxf4 Bd7 14. a4 Na6 15. Nc4
Qf6 16. Qf3 Nb4 17. Qg3 Nc2 {Kozul,Z (2591)-Zhigalko,S (2647) Gjakova 2016,
looked less than completely clear.}) (11. Nb5 Bf8 {[%cal Ga7a6]}) 11... Bc8 12.
Qd2 ({If White plays} 12. Nf3 Bf5 13. Nh4 {there ought to be a 0,25-0,75 score.
}) 12... a6 {Usually the MB is all about White's "weak" e4-pawn; Black tries
to undermine it with b5, or f5,or just play around it on the dark squares. The
upside of the fianchetto, is that there is nothing obvious for Black to aim
the forces at. Here a6 is rather a must; a way to keep White's knight out of
b5.} 13. a4 Qe7 {Black prepares to develop with Nbd7.} 14. h3 (14. Rfe1 Nbd7
15. Nf3 Rb8 16. e4 Ng4 17. Qe2 $6 (17. a5 b5 18. axb6 Rxb6 $132) 17... Nde5 18.
a5 b5 19. axb6 Rxb6 20. Ra2 Nxf3+ 21. Bxf3 Ne5 22. Bg2 Qb7 23. h3 Bd7 {[%cal
Gd7b5,Ge5d3,Gc5c4] Georgiadis,N (2470)-Bok,B (2613) Biel 2016, and Black had a
light-square bonanza.}) ({One could make a case for Avrukh's} 14. Rab1 {
-idea here, but perhaps the queen is not all that well off on d2. For instance:
} Nbd7 15. b4 cxb4 (15... b6 16. Rfc1) 16. Rxb4 Nc5 17. a5 Qd8 $5 18. Ra1 (18.
Rb6 Nfd7 $1 $36) 18... Rb8 $13 {ought to be investigated.}) 14... Nbd7 {
Black should be happy here. He has lost two tempi with the bishop on c8, but
otherwise he has only played natural moves. White needs to make Nh4 look good,
since the retreat will leave the queen looking silly on d2.} 15. e4 ({After} 
15. Bh6 Bxh6 $1 16. Qxh6 Rb8 17. a5 b5 18. axb6 Rxb6 19. Ra2 Ne5 {[%csl Rg2,
Rh4][%cal Gb6b2] Black has plenty of counterplay.}) 15... Rb8 16. Nf3 b5 {
If Black can play this and White isn't able to counter it with b2-b4, then
something has gone wrong for White.} 17. axb5 axb5 18. Rfe1 b4 19. Na4 Bb7 {
There is nothing wrong with this move, but it looks rather un-Benoni-ny to me.
There were two interesting alternatives:} (19... Nxe4 $5 20. Rxe4 Qxe4 21. Re1
Qxe1+ $1 22. Nxe1 Ra8 23. b3 (23. Qd1 b3 $1 {[%csl Ra4,Re1]} 24. Nxc5 dxc5 $17)
23... Rxa4 $1 24. bxa4 Bc3 25. Qd3 Rxe1+ 26. Kh2 {looks to be balanced. It is
an important factor that White's king is out of harm's way whereas Black's
king can get into trouble on the back rank. Otherwise Black would just be
better:} Ne5 (26... Bd4 27. Bxd6) 27. Qb5 Kg7 28. a5 Bf5 29. Qb8 c4 $1 {
We are moving into the "fiction" area now...} 30. a6 b3 31. a7 Ra1 32. Bh6+
Kxh6 33. Qf8+ Kg5 34. Qe7+ Kh6 35. Qf8+ $11) (19... Nh5 $5 {is another
challenging move, taking e4-e5 out of the picture:} 20. Be3 Bb7 {, or, no?} 21.
e5 $5 Bxe5 $1 22. g4 Ng7 23. Bg5 Qf8 24. Nxe5 Rxe5 25. Rxe5 dxe5 26. b3 $44 {
[%cal Ga4b2,Gb2c4]}) 20. e5 $1 {Considering that he was getting into time
trouble, this was a good, forcing move from Inarkiev, .} (20. Qc2 $5 Nxe4 (
20... h6 21. g4) 21. Ng5 f5 22. Nxe4 fxe4 23. Rxe4 Qf8 24. Re6 Ne5 $13) 20...
Nxd5 21. exd6 Qf8 22. Ne5 ({It was also possible to play} 22. Rxe8 Rxe8 23. Ne5
Bxe5 24. Bxd5 Ba8 25. Bxa8 Bxf4 26. Qxf4 Rxa8 27. b3 c4 28. Re1 cxb3 29. Qxb4
Qb8 $11) 22... Rxe5 $1 {The tactics start, but there are not many ways to get
off the main track. There is a draw at the end of the tunnel.} 23. Bxe5 Nxe5
24. Nxc5 (24. Bxd5 $6 Qxd6 25. Red1 Rd8 26. Bxf7+ Nxf7 27. Qxd6 Nxd6 28. Nxc5
Bf3 (28... Bxb2 29. Rab1 Ba3 30. Rb3 $15) 29. Ne6 Bxd1 30. Nxd8 Bf3 31. Ra4 {
is about equal, but Black can play on.}) 24... Bc6 25. Ra6 (25. Nd3 $5 {
is favoured by the engine. I am afraid that I would never start calculating
the consequences of such a move (getting a rook and pawn for two minor pieces),
but here it makes a lot of sense, since White's king is safe and the d-pawn is
strong. Black should play} Bh6 26. Qd1 Nxd3 27. Qxd3 Qxd6 28. Red1 Rb5 29. Ra8+
Bf8 30. Ra6 Rc5 {with equality. That's some tight rope though.}) 25... Qxd6 ({
I was trying to figure out the consequences of} 25... Nb6 $5 {during the game,
but didn't get half as far as my engine did in ten seconds:} 26. Bxc6 Nxc6 27.
d7 (27. Rxb6 $5 Rxb6 28. Nd7 Nd4 $1 29. Qf4 Qxd6 30. Re8+ Bf8 31. Qh6 Nf3+ 32.
Kg2 Ne1+ 33. Kf1 Qd3+ {is a draw, due to} 34. Kxe1 Re6+ 35. Rxe6 Bxh6 $17)
27... Qxc5 28. Re8+ Bf8 29. Rxb8 Nxb8 30. d8=Q Nxa6 {I would have expected
such a position to be somewhat better for Black, but if White is able to
exchange a pair of queens and win the b-pawn, then coordination could be a
problem for the minor pieces when the b2-pawn comes running.}) 26. Rxc6 Qxc6
27. Qxd5 Qxd5 28. Bxd5 Rd8 {This should not become terribly exciting if White
can make a few exact moves...} 29. Rd1 Bf8 30. Ne4 Be7 31. Bb3 $6 (31. b3 $11 {
and there is no way to make use of the pin. However, it is quite possible that
Inarkiev foresaw that he would hold the endgame easily.}) 31... Rxd1+ 32. Bxd1
Nd3 33. Bb3 Nxb2 34. Kf1 Nd3 35. Bd5 Kg7 36. Ke2 Ne5 37. f4 Nd7 38. g4 f5 (
38... Nf8 $5 {[%cal Gf8e6]} 39. f5 gxf5 40. gxf5 Nd7 {looks like a better way
to create some problems for White.}) 39. gxf5 gxf5 40. Ng3 Kf6 41. Nh5+ $1 Kg6
42. Bc6 $1 b3 (42... Kxh5 43. Bxd7 Kg6 44. Be6 $11) (42... Nc5 43. Be8+ Kh6 44.
Ng3 $11) 43. Bxd7 b2 44. Ng3 b1=Q 45. Bxf5+ Qxf5 46. Nxf5 Kxf5 47. Kf3 Bc5 {
The h-pawn is of the wrong colour, so draw ageed.} 1/2-1/2